00414nam a22001217a 4500082001400000100001600014245009300030260003200123300001300155500005000168700001700218856005700235 aBEE-2 UMA aUmar Khalid aMachine learning based multipath multicast routing protocol for cognitive radio networks aIslamabadbNUST-SEECSc2014 a47b25cm aSupervisors: Dr. Junaid Qadir, Dr. Adeel Baig aKashif Munir uhttp://10.250.8.41:8080/xmlui/handle/123456789/28804